[Event "Irish Championship 2020"]
[Site "Dublin"]
[Date "2020.08.04"]
[Round "4.3"]
[White "Moran, Darragh"]
[Black "Fitzsimons, David"]
[Result "0-1"]
[WhiteElo "1873"]
[BlackElo "2334"]
[Annotator "TA"]
[PlyCount "68"]
[EventDate "2020.08.01"]
[EventType "swiss"]
[EventCountry "IRL"]
[SourceTitle "playchess.com"]
[Source "ChessBase"]
[SourceQuality "1"]

{[%evp 21,68,16,18,0,1,0,0,5,3,-25,-26,-26,-27,-27,-27,-28,-15,-8,0,-23,-21,-66,-64,-58,-66,-56,-58,-153,-151,-156,-166,-432,-412,-411,-126,-404,-420,-497,-489,-483,-492,-497,-497,-490,-490,-490,-489,-542,-536]} 1. d4 Nf6 2. Nf3 g6 3. c4 Bg7 4. Nc3 O-O 5. e4 d6 6. Be2 Bg4 7. O-O Nfd7 8. Be3 Nc6 9. Rc1 e5 10. d5 Bxf3 11. Bxf3 Nd4 12. Nb5 {[%cal Rb5d4] E91: King's Indian: Classical: 6 Be2, unusual replies including 6...c5 and 6...Bg4.} (12. b3 {looks sharper.} Qe7 13. Bg4 c5 14. Be2 f5 15. exf5 gxf5 16. f3) 12... Nxf3+ 13. Qxf3 a6 14. Nc3 {[#] The position is equal.} f5 $146 ({Predecessor:} 14... Qe7 15. Qh3 Rad8 16. b4 b6 17. a3 f5 18. exf5 Rxf5 19. Ne4 Rh5 20. Qe6+ Qxe6 21. dxe6 {1-0 (42) Stepanov,K (2065)-De Paus,P (1211) LSS email 2011}) 15. Qe2 f4 16. Bd2 {[#]} f3 $1 {[%mdl 512]} 17. gxf3 Qh4 18. Kh1 Rf7 19. Rg1 Raf8 20. Bg5 Qh5 $36 {[%mdl 2048] White is under pressure.} 21. f4 {Hoping for Qxh5.} Qxe2 22. Nxe2 exf4 23. f3 $1 Ne5 24. Nd4 ({Better is} 24. Rc3 $15) 24... h6 $17 ({Don't play} 24... Nd3 25. Ne6 $15) 25. Bh4 g5 26. Bf2 $2 (26. Bxg5 hxg5 27. Rxg5) 26... Nd3 $1 $19 {[%csl LRb2,LRc1,LRf2][%mdl 64] [#] Double Attack} 27. Ne6 Nxf2+ 28. Kg2 {Loses the game.} Nd3 29. Rcd1 Nxb2 {Black is clearly winning.} 30. Rb1 Be5 31. Nxf8 Kxf8 ({Weaker is} 31... Rxf8 32. Rbc1 $19) 32. Rgc1 b6 33. Rc2 Nd3 34. a4 a5 {Accuracy: White = 58%, Black = 100%.} 0-1

[Event "Irish Championship 2020"]
[Site "Dublin"]
[Date "2020.08.04"]
[Round "4.4"]
[White "Melaugh, Shane"]
[Black "Wallace, John Paul"]
[Result "1/2-1/2"]
[WhiteElo "2161"]
[BlackElo "2346"]
[Annotator "TA"]
[PlyCount "35"]
[EventDate "2020.08.01"]
[EventType "swiss"]
[EventCountry "IRL"]
[SourceTitle "playchess.com"]
[Source "ChessBase"]
[SourceQuality "1"]

{[%evp 10,35,43,23,34,21,26,-43,-35,-44,-24,-25,-20,-26,16,17,57,-21,-9,-19,-18,-41,-37,-28,-19,-47,-42,-52]} 1. c4 e5 2. Nc3 Nc6 3. g3 f5 4. Bg2 Nf6 5. e3 d5 6. Nxd5 Nxd5 {A25: English Opening vs King's Indian with ...Nc6 but without early d3.} 7. cxd5 ({Much weaker is} 7. Bxd5 Nb4 $15) 7... Nb4 8. Qb3 (8. d3 $11) 8... e4 $15 9. Bf1 {[#]} Nxd5 $146 ({Predecessor:} 9... Qxd5 10. Qxd5 Nxd5 11. a3 Nb6 12. d3 exd3 13. Bxd3 g6 14. Bd2 Bg7 15. Rc1 c6 {½-½ (49) Silva,F (2364)-Silva,A (2222) Torres Vedras 2011}) 10. Bc4 c6 11. Ne2 Bc5 12. O-O Qb6 13. d4 ({White should play} 13. Qc2 $1 $14) 13... Qxb3 $11 14. Bxb3 Bd6 15. Bd2 Be6 16. Nc3 Ke7 17. Nxd5+ Bxd5 18. Rfc1 {Accuracy: White = 60%, Black = 79%.} 1/2-1/2

[Event "Irish Championship 2020"]
[Site "Dublin"]
[Date "2020.08.04"]
[Round "4.5"]
[White "Brady, Stephen"]
[Black "Carroll, Peter"]
[Result "1-0"]
[WhiteElo "2290"]
[BlackElo "2009"]
[Annotator "TA"]
[PlyCount "103"]
[EventDate "2020.08.01"]
[EventType "swiss"]
[EventCountry "IRL"]
[SourceTitle "playchess.com"]
[Source "ChessBase"]
[SourceQuality "1"]

{[%evp 12,103,0,0,3,0,5,0,20,17,31,-10,20,12,41,33,34,27,76,67,158,85,89,93,78,28,28,30,39,39,44,44,52,46,163,96,60,0,0,0,46,46,65,77,194,205,185,195,299,280,194,158,593,591,543,541,626,615,652,567,524,475,525,522,338,0,0,0,82,0,1076,1048,1028,0,0,0,962,752,1866,1542,12827,0,0,0,5465,3956,12834,12835,12835,12835,12831,12819,4763,1474]} 1. Nf3 Nf6 2. g3 b5 3. Bg2 Bb7 4. d4 e6 5. O-O c5 6. a4 b4 7. c3 a5 {A46: 1 d4 Nf6 2 Nf3 e6: Torre, London and Colle Systems.} 8. Bg5 Be7 9. Nbd2 cxd4 {The position is equal.} 10. cxd4 O-O 11. Rc1 d5 12. Ne5 {[#]} Qd6 $146 ({Predecessor:} 12... Ne8 13. Bxe7 Qxe7 14. Qc2 f6 15. Nd3 Nd6 16. Nc5 Rc8 17. e4 Nd7 18. exd5 Bxd5 {1-0 (34) Spassov,L-Blatny,F Decin 1974}) 13. Nb3 Nbd7 14. Bf4 Qa6 15. Rc7 Rfd8 (15... Bc8 $1 $14) 16. Qd2 ({White should play} 16. Qd3 $1) 16... Bd6 $16 17. Nxd7 Rxd7 18. Rxd7 Nxd7 19. Rc1 Qb6 20. Bxd6 Qxd6 21. Nc5 Nxc5 22. Rxc5 Qd7 (22... Qd8 $14) 23. b3 ({Better is} 23. Qf4 $1 $18 {Threatens to win with Rc7.} Bc6 24. b3) 23... Qd8 24. e3 (24. Qf4 $14 Rc8 25. Rxc8 Qxc8 26. Qd6) 24... Rc8 $11 25. Qc2 Ba6 26. Bf1 $36 {[%mdl 2048] Black is under pressure.} Rxc5 27. dxc5 Bxf1 (27... Bc8 $16) 28. Kxf1 $14 {[%mdl 4096] Endgame KQ-KQ} Qc7 29. c6 f6 (29... g5 $142 30. Qc5 Kg7) 30. Qc5 $18 {And now Qb5 would win.} Kf7 31. h4 $1 h5 $2 (31... Ke8 $16 32. g4 Kf7) 32. Ke2 Ke8 33. f4 g6 34. Kf3 Kf7 35. Kf2 Ke8 36. Kg2 Kf7 37. Kf3 Ke8 38. g4 $2 (38. e4 $18 {has better winning chances.}) 38... hxg4+ $16 39. Kxg4 Kf7 40. Kg3 (40. Kf3 $16) 40... f5 $2 {[%mdl 8192]} (40... Ke8 $11) 41. Kf3 $18 Ke8 42. Kg2 $2 (42. Ke2 $1 $18 {[%cal Re2d3] aiming for Kd3.} d4 43. Kd3 (43. exd4 Qxf4 44. Kd1 Qxh4 $11) 43... dxe3 44. Kxe3) 42... Kf7 $11 43. Kf3 $2 {[%mdl 8192]} (43. Kh2 $11) 43... Ke8 $18 {[#] intending ...Qh7.} 44. Ke2 $1 {[%cal Re2d3]} Kf7 45. Kd3 Ke8 {[#]} 46. Kc2 $2 (46. Qb5 $1 $18 {[%cal Rb5b7] Hoping for Qb7.} Kd8 47. Qb7) 46... Kf7 $11 47. Kd2 {Strongly threatening Kd3.} Ke8 $2 {[%mdl 8192]} (47... d4 $11) 48. Kd3 $18 {White is clearly winning.} Kf7 49. Qb5 Ke8 50. Qb7 Kd8 51. Kd4 Qd6 52. Qa8+ {Accuracy: White = 71%, Black = 44%.} (52. Qb6+ $142 Kc8 53. Qxa5 Qxc6 54. Qxb4) 1-0

[Event "Irish Championship 2020"]
[Site "Dublin"]
[Date "2020.08.04"]
[Round "4.6"]
[White "Murray, David"]
[Black "Lyons, Brendan"]
[Result "1-0"]
[WhiteElo "2152"]
[BlackElo "1941"]
[Annotator "TA"]
[PlyCount "51"]
[EventDate "2020.08.01"]
[EventType "swiss"]
[EventCountry "IRL"]
[SourceTitle "playchess.com"]
[Source "ChessBase"]
[SourceQuality "1"]

{[%evp 12,51,50,44,45,46,66,64,76,80,67,82,80,50,44,38,78,39,46,2,43,-11,31,13,5,12,35,45,38,10,266,262,710,718,656,664,29989,29990,29997,29987,29987,2193]} 1. e4 d5 2. exd5 Nf6 3. d4 Bg4 4. Bb5+ Nbd7 5. f3 Bf5 6. Nc3 a6 7. Ba4 {Strongly threatening g4.} b5 {B01: Scandinavian Defence.} 8. Bb3 Nb6 {[%cal Rb6d5]} 9. Nge2 Nfxd5 {White is slightly better.} 10. Nxd5 Nxd5 11. O-O g6 (11... Bc8 12. a4 Bb7 13. Bg5 h6 14. Bh4 Ne3 15. Qd3 Nxf1 16. Qf5 Qd6 17. Qxf7+ Kd8 18. Kxf1 g5 19. Bf2 Qf6 20. Qh5 e6 21. d5 {1-0 (39) Murray,D (2152)-Lyons,B (1976) Dublin 2019}) 12. a4 b4 13. Ng3 Bc8 14. Qe1 Bg7 {[#]} 15. Qe4 $146 ({Predecessor:} 15. Bg5 O-O 16. Rd1 Re8 17. Ne4 Bb7 18. Qh4 Nf6 19. Rd2 Bd5 20. Bxf6 exf6 21. Bxd5 Qxd5 22. Nxf6+ Bxf6 23. Qxf6 {½-½ (48) Frolochkin,V (2331)-Bukhteeva,V (2178) St Petersburg 2011}) 15... Bb7 16. Bg5 (16. Rd1 $14) 16... Rb8 (16... h6 $5 {[%cal Rh6g5]} 17. Bd2 O-O $11) 17. Rfe1 O-O 18. Qh4 Re8 19. Rad1 $36 {[%mdl 2048] White is pushing.} Nf6 20. Ne4 Nxe4 $4 {[%mdl 8192] Black cannot hold the game after this.} (20... Bd5 $11 {and Black has nothing to worry.}) 21. fxe4 $18 Qd7 $2 {[#]} ({But not} 21... Bxd4+ 22. Kh1) (21... Bc8 22. e5 c5) 22. Bxf7+ $1 {[%mdl 576] Deflection} Kxf7 23. Qxh7 {Black must now prevent Rf1+.} Rg8 {Threatens to win with ...Qg4.} 24. Rf1+ {White mates.} Ke6 25. Qh3+ Kd6 26. Bf4+ {Accuracy: White = 67%, Black = 46%.} (26. e5+ $142 Kc6 27. d5+ Qxd5 28. Rxd5 Ba8 {[#]} 29. Qe6+ $1 {[%mdl 576] Double Attack} Kb7 30. Ra5 c6 31. Qxe7+ {[%mdl 64] Double Attack} Kb6 32. Qxb4+ Ka7 33. Be3+ c5 34. Bxc5+ Rb6 35. Qxb6#) 1-0

[Event "Irish Championship 2020"]
[Site "Dublin"]
[Date "2020.08.04"]
[Round "4.7"]
[White "Collins, Adam"]
[Black "Flynn, Jacob"]
[Result "1/2-1/2"]
[WhiteElo "1760"]
[BlackElo "2114"]
[Annotator "TA"]
[PlyCount "40"]
[EventDate "2020.08.01"]
[EventType "swiss"]
[EventCountry "IRL"]
[SourceTitle "playchess.com"]
[Source "ChessBase"]
[SourceQuality "1"]

{[%evp 11,40,30,39,0,11,0,-7,-10,2,-6,0,-10,6,7,5,4,0,0,0,0,0,0,2,0,0,0,43,37,37,50,42]} 1. e4 c6 2. d4 d5 3. Nc3 dxe4 4. Nxe4 Nf6 5. Nxf6+ exf6 6. c3 Bd6 7. Nf3 {B15: Caro-Kann: 3 Nc3: 3...g6 and 3...dxe4 4 Nxe4 Nf6 5 Nxf6+ exf6.} O-O 8. Be2 Re8 9. O-O {The position is equal.} Bg4 10. Be3 Nd7 {[%cal Bb8d7,Bd7f8,Bf8e6][%mdl 32]} 11. Qc2 Qc7 12. h3 Bh5 13. Rfe1 {[#]} Nf8 $146 ({Predecessor:} 13... Bf4 14. Bxf4 Qxf4 15. Nh2 Bg6 16. Bd3 Nb6 17. Bxg6 hxg6 18. Re2 Kf8 19. Rae1 Nd5 {½-½ (30) Medina Viana,R (2048)-Alhammada,I (2118) Batumi 2018}) 14. Nh4 Bxe2 15. Rxe2 g6 16. Rae1 Ne6 17. Bh6 Qa5 {Threatens to win with ...Qh5.} 18. Nxg6 Qh5 19. Bf4 $1 {[%mdl 64] [#] Pin} hxg6 20. Bxd6 Qd5 {Accuracy: White = 93%, Black = 91%.} 1/2-1/2

[Event "Irish Championship 2020"]
[Site "Dublin"]
[Date "2020.08.04"]
[Round "4.8"]
[White "Venkatesan, Kavin"]
[Black "Jackson, Carl"]
[Result "1-0"]
[WhiteElo "1946"]
[BlackElo "2021"]
[Annotator "RC"]
[PlyCount "65"]
[EventDate "2020.08.01"]
[EventType "swiss"]
[EventCountry "IRL"]
[SourceTitle "playchess.com"]
[Source "ChessBase"]
[SourceQuality "1"]
[TimeControl "8100+35"]

1. d4 {[%emt 0:00:00]} e6 {[%emt 0:00:00]} 2. c4 {[%emt 0:00:11]} b6 {[%emt 0:00:00]} 3. e4 {[%emt 0:08:24]} Bb7 {[%emt 0:00:14]} 4. Bd3 {[%emt 0:00:48]} Bb4+ {[%emt 0:00:16]} 5. Nc3 {[%emt 0:01:48]} f5 {[%emt 0:00:26]} 6. Qh5+ {[%emt 0:07:46]} g6 {[%emt 0:00:14]} 7. Qe2 {[%emt 0:00:05]} Nf6 {[%emt 0:00:53]} 8. Bg5 {[%emt 0:04:08]} O-O {[%emt 0:01:08]} 9. f3 {[%emt 0:07:10]} Be7 {[%emt 0:01:01]} 10. Bh6 {[%emt 0:31:38]} Re8 {[%emt 0:06:02]} 11. Qd2 {[%emt 0:03:26]} Nc6 {[%emt 0:03:57]} 12. Nge2 {[%emt 0:01:13]} Nb4 {[%emt 0:05:34]} 13. O-O {[%emt 0:04:54]} c5 {[%emt 0:14:47]} 14. d5 {[%emt 0:07:07]} Nxd3 {[%emt 0:05:54]} 15. Qxd3 {[%emt 0:00:12]} fxe4 {[%emt 0:00:30]} 16. fxe4 {[%emt 0:06:15]} Ng4 {[%emt 0:19:29]} 17. Bf4 {[%emt 0:01:59]} e5 {[%emt 0:07:17]} 18. h3 {[%emt 0:13:01]} exf4 {[%emt 0:04:01]} 19. hxg4 {[%emt 0:00:09]} g5 {[%emt 0:05:10]} 20. Rf3 {[%emt 0:02:32]} Bf6 {[%emt 0:08:28]} 21. Rh3 {[%emt 0:09:39]} Be5 {[%emt 0:05:58]} 22. Kf2 {[%emt 0:00:49]} Qf6 {[%emt 0:05:33]} 23. Rah1 {[%emt 0:03:36]} Re7 {[%emt 0:04:14]} 24. Rh6 {[%emt 0:01:46]} Bd4+ {[%emt 0:19:01]} 25. Nxd4 {[%emt 0:00:41]} Qxd4+ {[%emt 0:00:05]} 26. Qxd4 {[%emt 0:00:08]} cxd4 {[%emt 0:00:05]} 27. Nb5 {[%emt 0:00:21]} Rc8 {[%emt 0:12:21]} 28. Nd6 {[%emt 0:00:30]} Rc7 {[%emt 0:00:10]} 29. R1h5 {[%emt 0:00:48]} Ba6 {[%emt 0:01:06]} 30. Rxg5+ {[%emt 0:00:29]} Kh8 {[%emt 0:00:07]} 31. Rf6 {[%emt 0:00:18]} h6 {[%emt 0:00:34]} 32. Rxh6+ {[%emt 0:00:05]} Rh7 {[%emt 0:00:02]} 33. Nf7# {[%emt 0:32:19]} 1-0

[Event "Irish Championship 2020"]
[Site "Dublin"]
[Date "2020.08.04"]
[Round "4.9"]
[White "Collins, Sam E."]
[Black "Daly, Colm"]
[Result "1/2-1/2"]
[WhiteElo "2459"]
[BlackElo "2248"]
[Annotator "TA"]
[PlyCount "164"]
[EventDate "2020.08.01"]
[EventType "swiss"]
[EventCountry "IRL"]
[SourceTitle "playchess.com"]
[Source "ChessBase"]
[SourceQuality "1"]

{[%evp 30,164,21,27,44,37,58,37,57,33,30,32,45,27,27,13,19,0,31,19,21,12,14,-7,0,-8,21,-33,0,0,0,0,64,83,151,0,0,-53,60,63,64,65,44,53,45,0,0,7,101,100,95,103,109,95,93,102,100,86,77,15,15,15,15,15,18,12,16,0,0,0,0,0,0,0,0,0,0,0,0,0,31,0,0,0,0,0,0,0,0,0,0,0,0,0,0,0,0,0,0,0,0,0,0,0,0,0,0,0,0,0,0,0,0,0,0,0,0,0,0,0,0,0,0,0,0,0,0,0,0,0,0,0,0,0,0,0,0]} 1. e4 e5 2. Nf3 Nc6 3. Bb5 a6 4. Ba4 Nf6 5. O-O Be7 6. Re1 b5 7. Bb3 d6 8. c3 O-O 9. h3 Nb8 10. d4 Nbd7 11. Nbd2 Bb7 12. Bc2 Re8 13. Nf1 Bf8 14. Ng3 g6 15. Bg5 h6 16. Bd2 c5 {C95: Closed Ruy Lopez: Breyer Variation with 10 d4.} 17. d5 c4 18. Qc1 Kh7 {White is slightly better.} 19. Nh2 {[#]} Bc8 $146 ({Predecessor:} 19... Nc5 20. f3 Bg7 21. Nh1 Ng8 22. g3 Bc8 23. Nf2 Rf8 24. b4 cxb3 25. axb3 f5 26. exf5 Bxf5 27. Bxf5 gxf5 {0-1 (60) Oglaza,O (2107)-Korbal,A (2121) Police 2016}) 20. a4 Rb8 21. axb5 axb5 22. Rf1 Bg7 23. f3 Qe7 24. Be3 Nc5 25. Qd2 Nfd7 26. Rf2 Rf8 27. Rff1 Re8 28. h4 ({White should play} 28. Ra5 $11) 28... h5 29. Bg5 Bf6 30. f4 exf4 (30... Bxg5 $1 $11 31. fxg5 Kg8) 31. Bxf6 $1 $14 Nxf6 (31... Qxf6 $142 32. Rxf4 Qg7) 32. Qxf4 $2 ({White has to play} 32. Rxf4 $16 {aiming for Raf1.} Ng4 33. Raf1) 32... Kg7 $11 33. Rae1 ({White should try} 33. Qg5 $11 Nfxe4 34. Nxh5+ Kg8 35. Bxe4 Qxg5 36. hxg5 Nxe4 37. Nf6+ Nxf6 38. Rxf6) 33... Rb7 (33... Bg4 $15) 34. Qg5 $14 {[#] And now Rxf6! would win.} Nh7 $1 {[%cal Rh7g5]} 35. Nxh5+ $1 Kh8 36. Qxe7 Rbxe7 37. Nf6 (37. Ng3 {is more complex.} Kg7 38. h5 Rh8 39. hxg6 fxg6 40. Nf3) 37... Nxf6 38. Rxf6 {Hoping for Nf3.} Rd8 (38... Bf5 $11 {keeps the balance.}) 39. Nf3 $16 Kg7 {[#]} 40. Rf4 $1 Rde8 41. Nd4 Bd7 42. Ref1 Ra8 43. Rf6 Ra6 44. g4 (44. Kh2 $16) 44... Bxg4 $11 45. Nc6 ({But not} 45. Nxb5 Be2 $17) 45... Rc7 $1 46. Nb4 Rb6 $1 47. e5 Be2 $1 {[%cal Re2f1]} 48. Rxd6 Rxd6 49. exd6 Rd7 $1 50. Re1 Bd3 51. Nxd3 cxd3 {[%mdl 4096] Endgame KRB-KRN} 52. b4 Nb7 53. Bxd3 Nxd6 54. Kf2 Rc7 55. Rc1 Kf6 {The position is equal.} 56. Ke3 {With the idea Kd4.} Ke5 57. Kd2 Ne4+ 58. Bxe4 Kxe4 {KR-KR} 59. c4 bxc4 60. d6 Rc6 61. Kc3 Rxd6 62. Re1+ Kf5 63. Rf1+ Kg4 64. Rxf7 {next Rh7 is good for White.} Kxh4 65. Rh7+ Kg4 66. Kxc4 g5 67. b5 Kf4 68. Rf7+ Ke4 69. Rg7 Kf4 70. Kc5 Rd1 71. b6 Rc1+ 72. Kd6 Rd1+ 73. Kc7 Rc1+ 74. Kd8 Rb1 75. Rf7+ Ke4 76. Re7+ Kf4 77. Kc7 g4 78. b7 g3 79. b8=Q Rxb8 80. Kxb8 g2 81. Rg7 Kf3 82. Rxg2 Kxg2 {Accuracy: White = 88%, Black = 82%.} 1/2-1/2

[Event "Irish Championship 2020"]
[Site "Dublin"]
[Date "2020.08.04"]
[Round "4.10"]
[White "Delaney, Killian"]
[Black "O'Connor, Jonathan"]
[Result "1/2-1/2"]
[WhiteElo "2314"]
[BlackElo "2159"]
[Annotator "TA"]
[PlyCount "91"]
[EventDate "2020.08.01"]
[EventType "swiss"]
[EventCountry "IRL"]
[SourceTitle "playchess.com"]
[Source "ChessBase"]
[SourceQuality "1"]

{[%evp 16,91,40,26,34,29,29,29,30,21,55,59,60,44,58,51,49,37,55,45,52,52,64,33,33,29,29,31,26,28,45,46,46,46,51,46,54,54,66,58,63,34,64,18,18,18,18,18,70,36,58,15,15,15,15,15,15,15,15,11,11,11,15,3,10,5,15,10,15,4,4,0,0,0,0,0,0,0]} 1. c4 Nf6 2. Nc3 c5 3. Nf3 e6 4. g3 d5 5. cxd5 exd5 6. d4 Nc6 7. Bg2 cxd4 8. Nxd4 Bc5 9. Nb3 Bb6 $1 {9...Bb6 scores better than 9...Bb4. D33: Tarrasch Defence: 6 g3 sidelines.} 10. O-O ({Don't play} 10. Bxd5 Nb4 $15) 10... d4 11. Na4 O-O {White has an edge.} 12. Bg5 h6 13. Bxf6 Qxf6 14. Nxb6 axb6 15. Bxc6 $1 bxc6 16. Qxd4 Qd8 17. Rfd1 Be6 18. Qc3 Qe8 {[#]} 19. Nd4 $146 ({Predecessor:} 19. Rd2 c5 20. a3 Qb5 21. Nc1 Rfd8 22. Rxd8+ Rxd8 23. Nd3 Bg4 24. a4 Qa6 25. Kf1 {1-0 (67) Sergeyev,A (2398)-Grabuzova,T (2272) Prague 2020}) 19... c5 20. Nxe6 Qxe6 {[%mdl 64] [#] Double Attack} 21. Qe3 Qxe3 22. fxe3 $14 {[%mdl 4096] Endgame KRR-KRR} Rfd8 23. a3 Kf8 24. Rd3 Re8 25. Kf2 Re6 26. Rc1 Ke7 27. Rc4 Re5 28. Kf3 Ke6 29. Re4 (29. Rb3 {looks sharper.} Kd5 30. Rf4 f5 31. Rd3+ Kc6 32. e4) 29... Rxe4 30. Kxe4 $11 {KR-KR} Ra4+ 31. Kf3 Ra8 (31... b5 $11) 32. h3 Rc8 33. a4 Ra8 {The position is equal.} 34. b3 b5 35. axb5 Rb8 36. e4 Rxb5 37. e3 h5 38. Kf4 g6 39. Rc3 f6 40. Rd3 g5+ 41. Kf3 Rb4 42. Rd5 Rxb3 43. Rxc5 Rb2 44. Rc6+ Ke5 45. Rc5+ Ke6 46. Rc6+ {Accuracy: White = 84%, Black = 92%.} 1/2-1/2

[Event "Irish Championship 2020"]
[Site "Dublin"]
[Date "2020.08.04"]
[Round "4.11"]
[White "O'Connell, Gerard"]
[Black "Casey, Eoghan"]
[Result "1/2-1/2"]
[WhiteElo "2075"]
[BlackElo "1954"]
[Annotator "TA"]
[PlyCount "91"]
[EventDate "2020.08.01"]
[EventType "swiss"]
[EventCountry "IRL"]
[SourceTitle "playchess.com"]
[Source "ChessBase"]
[SourceQuality "1"]

{[%evp 25,91,75,71,64,87,70,72,56,112,112,116,95,171,168,152,143,135,128,147,150,180,179,194,169,150,164,170,175,280,276,216,187,155,176,181,170,254,197,191,110,98,104,109,37,34,23,23,0,0,0,1,1,18,15,21,0,0,-39,-39,-308,-37,-37,-30,-39,-30,-39,0,0]} 1. d4 g6 2. c4 Bg7 3. Nf3 Nf6 4. Nc3 O-O 5. e4 d6 6. Be2 e5 7. O-O Nc6 8. d5 Ne7 9. Ne1 Ne8 10. Be3 f5 11. f3 f4 12. Bf2 g5 13. c5 h5 14. cxd6 {E98: King's Indian: Classical Main Line: 9 Ne1.} Nxd6 15. Nd3 Ng6 16. Nc5 {[#] White is better.} b6 $146 (16... Rf6 $14) ({Predecessor:} 16... Rf7 17. Ne6 Qf6 18. Nb5 Nxb5 19. Bxb5 c6 20. Bc4 Kh8 21. Bc5 Bh6 22. a4 Rh7 {1-0 (42) Grigore,G (2485)-Cebalo,M (2486) Arco 2003}) 17. Ne6 $16 Bxe6 18. dxe6 c6 (18... Kh8 $16) 19. Qa4 $1 $18 Qc8 20. Rfd1 $36 {[%mdl 2048] Black is under strong pressure.} Rd8 21. Rac1 {Hoping for Nd5!} Qxe6 22. Qxc6 {Black must now prevent Nb5.} Ne7 23. Qa4 Kh8 24. Nd5 Nxd5 25. Rxd5 Qe7 26. Rcd1 Nf7 (26... Kh7 $142 27. Be1 Ne8) 27. Rd7 Rxd7 28. Qxd7 Qxd7 29. Rxd7 Nd8 30. h4 Bf6 (30... gxh4 $142 31. Bxh4 Nc6) 31. hxg5 Bxg5 32. Bc4 (32. Ba6 $18) 32... Rc8 $16 33. b3 Nc6 34. Ba6 (34. a3 $16) 34... Rd8 $14 35. Rxd8+ (35. Rc7 {is more complex.} Nb4 36. Bb5 Rd1+ 37. Kh2 a6 38. Be8) 35... Bxd8 {[%mdl 4096] Endgame KBB-KBN} 36. Bc4 Kg7 37. g3 fxg3 38. Bxg3 h4 39. Bf2 Bg5 40. Be6 Nb4 (40... Nd4 $5 {[%cal Rd4e6]} 41. Bd5 Nxf3+ 42. Kg2 Nd4 $11) 41. Kg2 Nd3 {Strongly threatening ...Nf4+.} 42. Bc4 $2 {[%mdl 8192] [#]} (42. Kg1 $15) 42... Nxf2 $2 (42... h3+ $1 $19 {[%mdl 512]} 43. Kg1 {[#]} (43. Kxh3 Nxf2+) 43... h2+ $1 {[%mdl 576] Deflection} 44. Kxh2 Nxf2) 43. Kxf2 $15 Kf6 44. Kg2 Bf4 45. Ba6 Ke7 46. Kh3 {Blacks defense is rewarded with a draw. Accuracy: White = 64%, Black = 59%.} 1/2-1/2

[Event "Irish Championship 2020"]
[Site "Dublin"]
[Date "2020.08.04"]
[Round "4.12"]
[White "Melaugh, Gavin"]
[Black "Putar, Leon"]
[Result "1-0"]
[WhiteElo "2003"]
[BlackElo "1894"]
[Annotator "TA"]
[PlyCount "121"]
[EventDate "2020.08.01"]
[EventType "swiss"]
[EventCountry "IRL"]
[SourceTitle "playchess.com"]
[Source "ChessBase"]
[SourceQuality "1"]

{[%evp 17,121,-4,-13,0,-6,-1,0,0,3,-23,50,53,97,92,96,94,105,93,93,79,82,65,82,90,133,87,111,114,110,66,153,150,203,208,236,229,235,236,229,183,164,168,291,286,233,179,223,218,300,265,227,234,333,321,566,449,581,201,199,123,112,0,0,0,0,0,0,0,0,0,0,0,87,82,187,187,189,188,481,475,452,452,621,8,1059,994,1014,964,842,795,542,131,29974,29971,29975,29976,29976,29977,29981,29982,29982,29983,29983,29984,29984,29979]} 1. Nf3 Nf6 2. c4 g6 3. b3 Bg7 4. Bb2 O-O 5. e3 c5 6. Be2 Nc6 7. O-O b6 8. d4 cxd4 9. exd4 d5 10. Ne5 {A30: Symmetrical English: Double Fianchetto and Hedgehog.} Bb7 11. Bf3 Rc8 12. Nc3 {[%cal Rc3d5] The position is equal.} e6 {[#]} 13. Ba3 $146 ({Predecessor:} 13. cxd5 exd5 14. Nxc6 Bxc6 15. Re1 Qd6 16. Qd3 Rfd8 17. Rad1 Bd7 18. Rd2 Bf5 19. Qe2 {0-1 (83) Levy,P-Weichselbaumer,E Helsinki 1952}) 13... Ne7 (13... Nxe5 $1 $11 14. dxe5 Nd7) 14. Nb5 $14 Ba6 15. Nxa7 Rc7 16. Nb5 $36 {[%mdl 2048] Keeping Black busy.} Bxb5 17. cxb5 Re8 18. Qd3 Nd7 19. Rfe1 Bxe5 20. dxe5 Nc5 21. Qe2 Qa8 22. Bb4 Rec8 23. g4 Kg7 (23... g5 $14) 24. Bg2 $16 Ng8 (24... g5 $16) 25. Qe3 $18 Nd7 26. a4 Qb7 27. Re2 Rc2 28. Rae1 Qc7 29. h3 Qd8 (29... Rxe2 $142 30. Qxe2 (30. Rxe2 Qc1+ 31. Kh2 Qxe3 $16) 30... Qc2) 30. Rxc2 Rxc2 31. Re2 Rxe2 32. Qxe2 Qc7 33. Bd6 Qc3 34. Qe3 Qc2 (34... Qb2 $142 35. Bf1 h6) 35. Bf1 f6 $2 (35... h5 36. a5 bxa5) 36. exf6+ Kxf6 37. f4 $2 (37. Qf4+ Kg7 38. a5 $1 {[%mdl 512]}) 37... Kf7 38. g5 ({White should play} 38. a5 $1 $18) 38... Ne7 $16 {Strongly threatening ...Nf5.} 39. Bxe7 ({Better is} 39. Bd3 $16 Qb2 40. h4) 39... Kxe7 $11 40. Bg2 Nc5 41. Qe5 Nd7 42. Qg7+ Kd6 43. Qxh7 d4 {...Qc1+ is the strong threat.} 44. Kh2 Qf5 (44... Qf2 $11) 45. Qh4 $1 $16 e5 (45... Nc5 $16 {was necessary.}) 46. fxe5+ $18 Qxe5+ 47. Qg3 $1 Kc5 $2 (47... Nc5 {might work better.}) 48. Qxe5+ Nxe5 {[%mdl 4096] Endgame KB-KN} 49. Kg3 Kb4 {Black hopes to continue with ...d3.} 50. Kf2 $2 ({White should try} 50. Kf4 $18 Nd3+ 51. Ke4 $1 {[%mdl 512]}) 50... Kxb3 $2 {[%mdl 8192] [#]} (50... Nd3+ $11 51. Kg3 Nc5) 51. a5 $1 {[%mdl 512]} bxa5 52. b6 Nd7 53. b7 a4 54. Ke2 $2 (54. h4 $18 {and White stays clearly on top.} a3 {[#]} 55. h5 $1 {[%mdl 576] Promotion}) 54... Kc4 $2 {[%mdl 8192] [#] Black cannot hold the game after this.} (54... a3 $16 55. Kd2 Kc4) 55. Bc6 $1 {[%mdl 512] White mates.} Nb8 56. Bxa4 d3+ 57. Kd2 Kd4 58. Be8 Ke4 59. Bxg6+ Kf4 60. h4 Kg4 61. Bxd3 {Accuracy: White = 72%, Black = 41%.} 1-0